000 01557nam a2200289Ia 4500
001 G5105
003 IT-RoPAU
008 130308s9999 xx 000 0 und d
040 _aIT-RoPAU
040 _cIT-RoPAU
041 _aITALIANO
100 _aFantoni Minnella Maurizio
100 _gCodice Aut. SPICS: 51347
245 _aBad Boys. Dizionario critico del cinema della ribellione giovanile
245 _bBad Boys. Dizionario Critico del Cinema della ribellione Giovanile
250 _a1a ed.
260 _aMILANO
260 _bMondadori Bruno
260 _c2000 [1° Ed.:2000 - Ed.Ling.Originale:2000]
300 _a"384 p. (prefazione: 50; testo: 334 [pagine: 0-0])"
500 _aPrefazione di Aurelio Grimaldi. ragazzi Terribili, schermi della ribellione Giovanile: un itinerario Critico di M. Fantoni Minnella. tavola Sinottica: Film, Avvenimenti storici e Politici, Avvenimenti Culturali. Dizionario: Trattazione di 440 Opere scelte Rispettando L'Origine tematica e Allargandola nelle Sue Diramazioni Secondarie. Ciascun Film è Documentato da Un'Ampia scheda Filmografico Critica che documenta l'evoluzione del Concetto di ribellione Giovanile e del complesso Rapporto con L'Immaginario Cinematografico. Glossario Comprendente le Voci Essenziali del Vasto e Articolato Panorama della ribellione Giovanile nel Cinema. Bibliografia. indice dei Registi.In Appendice 32 pagine fuori testo di Fotografie.
650 _aENCICLOPEDIE DEL CINEMA
650 _eCodice materia Spics: 6801
942 _cBK
957 _71
999 _c92639
_d92639
999 _g1